Capitales d'Asie a l'aveugle - Statistiques

Statistiques générales
  • Ce quiz a été pris 55 fois
  • Le résultat moyen est 30 sur 48
Statistiques - réponses
Pays Capitale % Correct
Japon Tokyo
88%
Chine Pékin
84%
Corée du Sud Séoul
79%
Syrie Damas
74%
Philippines Manille
74%
Inde New Delhi
74%
Thaïlande Bangkok
72%
Irak Bagdad
70%
Azerbaïdjan Bakou
70%
Arménie Erevan
70%
Indonésie Jakarta
70%
Mongolie Oulan-Bator
70%
Arabie saoudite Riyad
70%
Émirats arabes unis Abou Dabi
67%
Turquie Ankara
67%
Pakistan Islamabad
67%
Israël Jérusalem
67%
Afghanistan Kaboul
67%
Géorgie Tbilissi
67%
Iran Téhéran
67%
Liban Beyrouth
65%
Qatar Doha
65%
Viêt Nam Hanoï
65%
Koweït Koweït
63%
Malaisie Kuala Lumpur
63%
Corée du Nord Pyongyang
63%
Singapour Singapour
63%
Népal Katmandou
60%
Yémen Sanaa
60%
Taïwan Taipei
60%
Kazakhstan Astana
58%
Kirghizistan Bichkek
58%
Chypre Nicosie
58%
Jordanie Amman
56%
Cambodge Phnom Penh
56%
Ouzbékistan Tachkent
56%
Bangladesh Dacca
53%
Maldives Malé
53%
Oman Mascate
53%
Laos Vientiane
53%
Timor oriental Dili
51%
Bahreïn Manama
51%
Tadjikistan Douchanbé
49%
Brunei Bandar Seri Begawan
47%
Turkménistan Achgabat
44%
Bhoutan Thimphou
44%
Sri Lanka Sri Jayawardenepura Kotte
42%
Birmanie Naypyidaw
35%
Aucun quiz correspondant
Distribution des résultats
% des personnes avec chaque résultat
Percentile par nombre de réponses
Votre historique - résultats
Vous n’avez pas pris ce quiz